UM Logo

Shine bright like a star : (Record no. 23246)

MARC details
000 -LEADER
fixed length control field 00948nam a22002417a 4500
003 - CONTROL NUMBER IDENTIFIER
control field OSt
005 - DATE AND TIME OF LATEST TRANSACTION
control field 20250517164954.0
008 - FIXED-LENGTH DATA ELEMENTS--GENERAL INFORMATION
fixed length control field 241127b |||||||| |||| 00| 0 eng d
040 ## - CATALOGING SOURCE
Transcribing agency 0
082 ## - DEWEY DECIMAL CLASSIFICATION NUMBER
Classification number DPer 647.94068 In821 August-October 2019
100 ## - MAIN ENTRY--PERSONAL NAME
Personal name Mohsin, Asad.
Relator term author.
9 (RLIN) 64346
245 ## - TITLE STATEMENT
Title Shine bright like a star :
Remainder of title hotel performance and guests' expectations based on star ratings /
Statement of responsibility, etc. Asad Mohsin, Helena Rodeigues, Ana Brochado.
260 ## - PUBLICATION, DISTRIBUTION, ETC. (IMPRINT)
Place of publication, distribution, etc. Amsterdam ;
Name of publisher, distributor, etc. Elsevier,
Date of publication, distribution, etc. September 2019.
300 ## - PHYSICAL DESCRIPTION
Extent Volume 66, pages 103-114,
Other physical details illustration.
500 ## - GENERAL NOTE
General note International Journal of Hospitality Management, v. 81, pages 103-114, August 2019.
650 #0 - SUBJECT ADDED ENTRY--TOPICAL TERM
Topical term or geographic name as entry element Importance-performance analysis.
9 (RLIN) 66862
650 #0 - SUBJECT ADDED ENTRY--TOPICAL TERM
Topical term or geographic name as entry element Service quality.
9 (RLIN) 66863
650 #0 - SUBJECT ADDED ENTRY--TOPICAL TERM
Topical term or geographic name as entry element Hotels.
9 (RLIN) 66864
700 ## - ADDED ENTRY--PERSONAL NAME
Personal name Mohsin, Asad.
Relator term author.
9 (RLIN) 64346
700 ## - ADDED ENTRY--PERSONAL NAME
Personal name Rodeigues, Helena.
Relator term author.
9 (RLIN) 66865
700 ## - ADDED ENTRY--PERSONAL NAME
Personal name Brochado, Ana.
Relator term author.
9 (RLIN) 66866
942 ## - ADDED ENTRY ELEMENTS (KOHA)
Source of classification or shelving scheme Dewey Decimal Classification
Koha item type Periodicals
Holdings
Withdrawn status Lost status Source of classification or shelving scheme Damaged status Not for loan Collection code Home library Current library Date acquired Total Checkouts Full call number Date last seen Price effective from Koha item type Public note
    Dewey Decimal Classification     Periodicals UM Digos College - LIC UM Digos College - LIC 11/27/2024   DPer647.94068 August-October 2019 v. 81-83 11/27/2024 11/27/2024 Periodicals Periodical Article